000 00654nam a2200181 a 4500
001 000006886
005 20200929154021.0
008 090903s1989 dr 000 0 spa d
040 _aDO-SdBNP
_bspa
_cBNPHU
082 _axxx
_bM971a
100 1 _aMuñoz Grillo, Germinal
_919103
245 1 3 _aEl acto administrativo /
_cGerminal Muñoz Grillo.
260 _aSanto Domingo :
_bUASD,
_c1989.
300 _a66 P. ;
_c22 cm.
490 1 _aPublicaciones de la Universidad Autónoma de Santo Domingo
_v617
500 _aIncluye datos biográficos del autor en la contraportada10
830 0 _aPublicaciones de la Universidad Autónoma de Santo Domingo
_n617
_919104
999 _c6674
_d6674